Everything Geography #1 - Statistics

General Stats
  • This quiz has been taken 68 times
  • The average score is 36 of 50
Answer Stats
Question Answer % Correct
What continent is Algeria in? Africa
98%
What continent has the most countries? Africa
98%
What's the biggest ocean on Earth? Pacific
98%
Whats the capital of the USA? Washington DC
97%
How many time zones does China have? 1
94%
What country has colonized the most countries? UK
94%
What country decided to leave the EU in 2016? United Kingdom
94%
What country has the most people in the world? India
92%
What is the capital of Greece? Athens
90%
What country makes the most oil in a year? USA
90%
What country spends the most money on their military every year? USA
90%
Whats the smallest US state? Rhode Island
89%
What country was formerly known as the Soviet Union? Russia
89%
What is the name of the building where the American president lives? The White House
87%
What ocean is named after a country? Indian
85%
What is the tallest mountain in the world (altitude)? Mount Everest?
85%
What Hemisphere is Bolivia in? South
85%
What country did the Chernobyl Disaster happen in? Ukraine
85%
What country has the most lakes in the world? Canada
84%
What is the capital of Portugal? Lisbon
84%
What is the capital of the UK London
84%
How many countries are there that have Guinea in the name? 4
82%
What is the richest US state? California
82%
What African country has the most population? Nigeria
82%
What country is the smallest in the world? Vatican City
82%
How many countries are there in South America? 12
81%
What colours are in the Canadian flag? red and white
81%
What is the biggest landlocked country in the world? Kazakhstan
79%
What country other than Vatican City is surrounded by Italy? San Marino
79%
What is the biggest religion in the world? Christianity
77%
What country has the most islands in the world? Sweden
77%
What country is Croatia stealing its coastline from? Bosnia
76%
What is the capital of Peru? Lima
76%
What country has mount Kilimanjaro in it? Tanzania
68%
What flag has a eagle eating a snake on its flag? Mexico
65%
What is the capital of Indonesia? Jakarta
63%
What is the capital of Kenya? Nairobi
63%
What flag depicts a white temple with red and blue stripes, horizontally? Cambodia
60%
What is the longest river in the USA? Missouri
60%
What country consumes the most chocolate? Switzerland
60%
What is the capital of Costa Rica? San Jose
53%
What is the only flag European flag to have pink in it? Spain
52%
What country has the most languages? Papua new guinea
48%
What country has the highest average life expectancy? Monaco
45%
What is the river called the cuts through Panama? The Panama Canal
37%
What is the most obese country? Tonga
35%
What is the tallest mountain in the world (base to tip)? Mauna Kea
29%
What colours are in the Iceland flag? red, blue, white
24%
What country has the lowest life expectancy? Lesotho
18%
What colours are In the Mongolian Flag? yellow, blue, red
10%
No matching quizzes found
Score Distribution
Percent of People with Each Score
Percentile by Number Answered
Your Score History
You have not taken this quiz